00400nam a2200133 a 4500008004100000020001500041050001900056100001900075245003400094246006700128260004200195300002000237350000900257120416s1971 ||||||||||||||||| || u a0321096619 aHD 9539.C7 Fab aFaber, M. L. O10aTowards economic independence apapers on the nationalization of the Copper Industry in Zambia aCambridgebThe University Pressc1971 ax, 134p. : ill. a0.00